000 00703nam a22002537a 4500
001 BR0200738
003 BR-BrBNA
005 20230928101023.0
007 ta
008 230509b bl.||||| |||| 00| 0 por d
040 _aBR-BrBNA
_bpor
_cBiblioteca Nacional de Agricultura
041 _a(Por)
072 _aQ02; E70
_b9910
090 _ 9910 BR0200738
110 1 _aInstituto Brasileiro do Café, Rio de Janeiro, GB (Brasil)
_95858
245 1 _aO café da semente à xícara
260 3 _aRio de Janeiro, GB (Brasil):
_c[nd].
300 _a10 p.
650 _aTecnologia de Alimento
650 _aComercialização
650 _aCafé
909 _a202309
_bLucia
_c55
_dLucia Elande
942 _cBK
999 _c63899
_d63899